International encyclopaedia of fishery science and technology / (Record no. 15470)
[ view plain ]
| 000 -LEADER | |
|---|---|
| fixed length control field | 03843nam a22005297a 4500 |
| 008 - FIXED-LENGTH DATA ELEMENTS--GENERAL INFORMATION | |
| fixed length control field | 080909t xxu||||| |||| 00| 0 eng d |
| 010 ## - LIBRARY OF CONGRESS CONTROL NUMBER | |
| LC control number | ENG-90999-91008 |
| 020 ## - INTERNATIONAL STANDARD BOOK NUMBER | |
| International Standard Book Number | 8182930553 (set) |
| Terms of availability | 9000.00 (set of 9 vols.) |
| 020 ## - INTERNATIONAL STANDARD BOOK NUMBER | |
| International Standard Book Number | 8182930561(v.1) |
| 020 ## - INTERNATIONAL STANDARD BOOK NUMBER | |
| International Standard Book Number | 818293057X(v.2) |
| 020 ## - INTERNATIONAL STANDARD BOOK NUMBER | |
| International Standard Book Number | 8182930588(v.3) |
| 020 ## - INTERNATIONAL STANDARD BOOK NUMBER | |
| International Standard Book Number | 8182930596(v.4) |
| 020 ## - INTERNATIONAL STANDARD BOOK NUMBER | |
| International Standard Book Number | 818293060X(v.5) |
| 020 ## - INTERNATIONAL STANDARD BOOK NUMBER | |
| International Standard Book Number | 8182930618(v.6) |
| 020 ## - INTERNATIONAL STANDARD BOOK NUMBER | |
| International Standard Book Number | 8182930626v.7) |
| 020 ## - INTERNATIONAL STANDARD BOOK NUMBER | |
| International Standard Book Number | 8182930634(v.8) |
| 020 ## - INTERNATIONAL STANDARD BOOK NUMBER | |
| International Standard Book Number | 8182930642(v.9) |
| 020 ## - INTERNATIONAL STANDARD BOOK NUMBER | |
| International Standard Book Number | 8182930650(v.10) |
| 035 ## - SYSTEM CONTROL NUMBER | |
| System control number | EN-74532-41 |
| 037 ## - SOURCE OF ACQUISITION | |
| Source of stock number/acquisition | DBAD / PUB |
| 040 ## - CATALOGING SOURCE | |
| Original cataloging agency | dpl |
| Language of cataloging | Englihs |
| 082 ## - DEWEY DECIMAL CLASSIFICATION NUMBER | |
| Classification number | 639.2 |
| 100 ## - MAIN ENTRY--PERSONAL NAME | |
| Personal name | Saravanan, M.R. |
| 245 ## - TITLE STATEMENT | |
| Title | International encyclopaedia of fishery science and technology / |
| Statement of responsibility, etc | by M.R. Saravanan [and] K.L. Santhanam |
| 260 ## - PUBLICATION, DISTRIBUTION, ETC. (IMPRINT) | |
| Place of publication, distribution, etc | New Delhi |
| Name of publisher, distributor, etc | International Scientific Publishing Academy |
| Date of publication, distribution, etc | 2008 |
| 270 ## - ADDRESS | |
| Address | 4594/9,Ansari Road, Darya Ganj, |
| City | New Delhi |
| Postal code | 110002 |
| 300 ## - PHYSICAL DESCRIPTION | |
| Extent | v, 288p.: |
| Dimensions | 23cm (Hb) |
| Other physical details | ill. |
| 500 ## - GENERAL NOTE | |
| General note | Includes bibliographical references and index |
| 500 ## - GENERAL NOTE | |
| General note | It is a set of 10 vols. Set price is Rs.9000.00 and Rs.900.00 of each volume. |
| 505 ## - FORMATTED CONTENTS NOTE | |
| Formatted contents note | v.1- Fish genetics and biotechnology. v.2- Fish nutrition and biochemistry. v.3- Fishery conservation management. v.4-Fishery science and technology. v.5- Industrial fisheries. v.6- Inland and freshwater aquaculture. v.7- Marine fisheries. |
| 505 ## - FORMATTED CONTENTS NOTE | |
| Formatted contents note | v.8- Natural fisheries. v.9- Production, marketing and economics of fisheries. v.10- Reservoir fishery management practices. |
| 650 ## - SUBJECT ADDED ENTRY--TOPICAL TERM | |
| Topical term or geographic name as entry element | Fishery science |
| 650 ## - SUBJECT ADDED ENTRY--TOPICAL TERM | |
| Topical term or geographic name as entry element | Fishery technology |
| 650 ## - SUBJECT ADDED ENTRY--TOPICAL TERM | |
| Topical term or geographic name as entry element | Fishery management |
| 700 ## - ADDED ENTRY--PERSONAL NAME | |
| Personal name | Santhanam, K.L. |
| 942 ## - ADDED ENTRY ELEMENTS (KOHA) | |
| Source of classification or shelving scheme | Dewey Decimal Classification |
| Koha item type | English Books |
| Call number suffix | SAR |
| Classification part | 639.2 |
| Withdrawn status | Lost status | Materials specified (bound volume or other part) | Damaged status | Not for loan | Collection code | Home library | Current library | Date acquired | Source of acquisition | Cost, normal purchase price | Total Checkouts | Full call number | Barcode | Date last seen | Cost, replacement price | Price effective from | Koha item type | Public note |
|---|---|---|---|---|---|---|---|---|---|---|---|---|---|---|---|---|---|---|
| v.1-Fish g | Not For Loan | Non-fiction | D.B.Act.Division | D.B.Act.Division | 10/09/2008 | DBAD / PUB | 900.00 | 639.2 SAR | EN-74532 | 15/09/2008 | 900.00 | 15/09/2008 | English Books | v.1-Fish genetics and biotechnology | ||||
| v.2-fish n | Not For Loan | Non-fiction | D.B.Act.Division | D.B.Act.Division | 10/09/2008 | DBAD / PUB | 900.00 | 639.2 SAR | EN-74533 | 15/09/2008 | 900.00 | 15/09/2008 | English Books | v.2-fish nutrition and biochemistry | ||||
| v.3-Fisher | Not For Loan | Non-fiction | D.B.Act.Division | D.B.Act.Division | 10/09/2008 | DBAD / PUB | 900.00 | 639.2 SAR | EN-74534 | 15/09/2008 | 900.00 | 15/09/2008 | English Books | v.3-Fishery conservation management | ||||
| v.4-Fisher | Not For Loan | Non-fiction | D.B.Act.Division | D.B.Act.Division | 10/09/2008 | DBAD / PUB | 900.00 | 639.2 SAR | EN-74535 | 15/09/2008 | 900.00 | 15/09/2008 | English Books | v.4-Fishery science and technology | ||||
| v.5-Indust | Not For Loan | Non-fiction | D.B.Act.Division | D.B.Act.Division | 10/09/2008 | DBAD / PUB | 900.00 | 639.2 SAR | EN-74536 | 15/09/2008 | 900.00 | 15/09/2008 | English Books | v.5-Industrial fisheries | ||||
| v.6-Inland | Not For Loan | Non-fiction | D.B.Act.Division | D.B.Act.Division | 10/09/2008 | DBAD / PUB | 900.00 | 639.2SAR | EN-74537 | 15/09/2008 | 900.00 | 15/09/2008 | English Books | v.6-Inland and freshwater aquaculture | ||||
| v.7-Marine | Not For Loan | Non-fiction | D.B.Act.Division | D.B.Act.Division | 10/09/2008 | DBAD / PUB | 900.00 | 639.2 SAR | EN-74538 | 15/09/2008 | 900.00 | 15/09/2008 | English Books | v.7-Marine fisheries | ||||
| v.8-Natura | Not For Loan | Non-fiction | D.B.Act.Division | D.B.Act.Division | 10/09/2008 | DBAD / PUB | 900.00 | 639.2 SAR | EN-74539 | 15/09/2008 | 900.00 | 15/09/2008 | English Books | v.8-Natural fisheries | ||||
| v.9-Produc | Not For Loan | Non-fiction | D.B.Act.Division | D.B.Act.Division | 10/09/2008 | DBAD / PUB | 900.00 | 639.2 SAR | EN-74540 | 15/09/2008 | 900.00 | 15/09/2008 | English Books | v.9-Production, marketing and economics of fisheries | ||||
| v.10-Reser | Not For Loan | Non-fiction | D.B.Act.Division | D.B.Act.Division | 10/09/2008 | DBAD / PUB | 900.00 | 639.2 SAR | EN-74541 | 15/09/2008 | 900.00 | 15/09/2008 | English Books | v.10-Reservoir fishery management practices |
